[Event "Titled Tue 10th Jun Late"]
[Site "chess.com INT"]
[Date "2025.06.10"]
[Round "2"]
[White "Lazavik, Denis"]
[Black "McDonald, Jhustice-Dimonte"]
[Result "1-0"]
[WhiteTitle "GM"]
[BlackTitle "CM"]
[WhiteElo "2580"]
[BlackElo "2032"]
[WhiteFideId "13515110"]
[BlackFideId "7402481"]
[EventDate "2025.06.10"]

1. e4 g6 2. d4 Bg7 3. Nf3 c5 4. dxc5 Na6 5. Bxa6 bxa6 6. O-O Rb8 7. c3 Qc7 8. b4
a5 9. a3 Nf6 10. Re1 Bb7 11. Nbd2 O-O 12. e5 Ng4 13. Qe2 f6 14. Qc4+ Kh8 15.
Qxg4 fxe5 16. Ne4 Rf5 17. Ng3 Rbf8 18. Nxf5 gxf5 19. Qh4 Rf6 20. Nxe5 f4 21.
Bxf4 Qd8 22. Bg5 Qg8 23. Bxf6 Bxf6 24. Qg3 Qd5 25. Rad1 Qa2 26. c4 axb4 27. Nf7# 1-0

[Event "Titled Tue 10th Jun Late"]
[Site "chess.com INT"]
[Date "2025.06.10"]
[Round "2"]
[White "Erdogan, Anil Berk"]
[Black "Kaasen, Tor Fredrik"]
[Result "0-1"]
[WhiteTitle "CM"]
[BlackTitle "IM"]
[WhiteElo "2091"]
[BlackElo "2470"]
[WhiteFideId "6348173"]
[BlackFideId "1516647"]
[EventDate "2025.06.10"]

1. e4 e5 2. Nf3 Nc6 3. Bb5 a6 4. Ba4 Nge7 5. c3 Ng6 6. d4 exd4 7. cxd4 Bb4+ 8.
Nc3 d5 9. exd5 Qxd5 10. O-O Bxc3 11. bxc3 O-O 12. Qd2 Bg4 13. Ng5 h6 14. Bb3
Qxg5 15. Qxg5 hxg5 16. Bxg5 Bf5 17. f3 Na5 18. Bd5 c6 19. Be4 Bxe4 20. fxe4 f6
21. Bc1 Nc4 22. a4 b5 23. g3 Rfe8 24. Re1 Nd6 25. axb5 cxb5 26. e5 fxe5 27. dxe5
Rxe5 28. Rxe5 Nxe5 29. Bf4 Ndc4 30. Kf2 Kf7 31. h4 Ke6 32. h5 a5 33. h6 gxh6 34.
Bxh6 Ng4+ 0-1

[Event "Titled Tue 10th Jun Late"]
[Site "chess.com INT"]
[Date "2025.06.10"]
[Round "2"]
[White "Amarasinghe, A A C B"]
[Black "Smieszek, Wojciech"]
[Result "1-0"]
[WhiteTitle "CM"]
[BlackTitle "CM"]
[WhiteElo "1922"]
[BlackElo "2141"]
[WhiteFideId "9901809"]
[BlackFideId "1156047"]
[EventDate "2025.06.10"]

1. d4 Nf6 2. c4 c5 3. d5 e6 4. Nc3 exd5 5. cxd5 d6 6. g3 g6 7. Bg2 Bg7 8. Nf3
O-O 9. O-O Re8 10. Nd2 Nbd7 11. Nc4 Ne5 12. Na3 a6 13. h3 b5 14. f4 Ned7 15. Nc2
b4 16. Nb1 Ne4 17. Kh2 Ndf6 18. Nd2 Bf5 19. Nc4 Nh5 20. g4 Qh4 21. Qe1 Neg3 22.
gxh5 Nxf1+ 23. Bxf1 Qxh5 24. N2e3 Be4 25. Nxd6 Bh6 26. Ng4 1-0

[Event "Titled Tue 10th Jun Late"]
[Site "chess.com INT"]
[Date "2025.06.10"]
[Round "2"]
[White "Skramstad, Oda Kofoed"]
[Black "Tang, Dylan"]
[Result "1-0"]
[WhiteTitle "WCM"]
[BlackTitle "FM"]
[WhiteElo "1898"]
[BlackElo "2236"]
[WhiteFideId "1564862"]
[BlackFideId "30972531"]
[EventDate "2025.06.10"]

1. d4 Nf6 2. c4 e6 3. Nc3 d5 4. Bg5 dxc4 5. e3 c5 6. Nf3 Nc6 7. Bxc4 cxd4 8.
exd4 Be7 9. O-O O-O 10. Re1 b6 11. d5 Nxd5 12. Bxd5 exd5 13. Qxd5 Qxd5 14. Nxd5
Bxg5 15. Nxg5 h6 16. Nf3 Be6 17. Nc7 Rac8 18. Nxe6 fxe6 19. Rxe6 Nb4 20. h3 Rc2
21. Re7 a5 22. Rd1 Kh7 23. Rb7 Rf6 24. Rdd7 Rg6 25. Nh4 Rg5 26. f4 Rh5 27. Rxg7+
Kh8 28. Ng6# 1-0

[Event "Titled Tue 10th Jun Late"]
[Site "chess.com INT"]
[Date "2025.06.10"]
[Round "2"]
[White "Odegov, Artem"]
[Black "Weisz, Bryan"]
[Result "1-0"]
[WhiteTitle "FM"]
[WhiteElo "2244"]
[BlackElo "2059"]
[WhiteFideId "34183644"]
[BlackFideId "30934133"]
[EventDate "2025.06.10"]

1. d4 Nf6 2. Nf3 g6 3. Bf4 Bg7 4. Nbd2 O-O 5. c3 a5 6. e4 d5 7. Bd3 a4 8. e5 Ne8
9. h4 h5 10. Ng5 a3 11. b3 c5 12. Be3 Nc6 13. e6 f5 14. Ndf3 f4 15. Bxg6 fxe3
16. Bf7+ Kh8 17. Ne5 exf2+ 18. Kf1 Bh6 19. Qxh5 Rxf7 1-0

[Event "Titled Tue 10th Jun Late"]
[Site "chess.com INT"]
[Date "2025.06.10"]
[Round "2"]
[White "Hariharan, Shambavi"]
[Black "George, Kevin"]
[Result "0-1"]
[WhiteTitle "WCM"]
[BlackTitle "IM"]
[WhiteElo "1936"]
[BlackElo "2327"]
[WhiteFideId "488160"]
[BlackFideId "10669515"]
[EventDate "2025.06.10"]

1. Nf3 Nf6 2. g3 g6 3. Bg2 Bg7 4. O-O O-O 5. d4 b6 6. c4 Bb7 7. Nc3 Ne4 8. Nxe4
Bxe4 9. Nh4 Bxg2 10. Kxg2 c5 11. Nf3 cxd4 12. Nxd4 d5 13. Nf3 dxc4 14. Qa4 Qc8
15. Rb1 a6 16. Bf4 b5 17. Qc2 Nc6 18. Rfc1 e5 19. Be3 Nb4 20. Qd2 Nxa2 21. Rd1
a5 22. Qd5 c3 23. Qxa2 c2 24. Rdc1 cxb1=Q 25. Qxb1 Qb7 26. Qd3 e4 27. Nd4 exd3+ 0-1

[Event "Titled Tue 10th Jun Late"]
[Site "chess.com INT"]
[Date "2025.06.10"]
[Round "2"]
[White "Norowitz, Yaacov"]
[Black "Sapocinic, Semion"]
[Result "1-0"]
[WhiteTitle "IM"]
[BlackTitle "FM"]
[WhiteElo "2400"]
[BlackElo "2296"]
[WhiteFideId "2024799"]
[BlackFideId "13908693"]
[EventDate "2025.06.10"]

1. d4 Nf6 2. Nf3 d5 3. c3 c6 4. Bf4 Bf5 5. e3 e6 6. Qb3 Qb6 7. c4 Bxb1 8. Rxb1
Bb4+ 9. Kd1 Ne4 10. Qc2 Be7 11. Bd3 f5 12. h4 O-O 13. Ne5 Qd8 14. f3 Nf6 15. g4
fxg4 16. fxg4 Nbd7 17. g5 Ne4 18. Bxe4 dxe4 19. Qxe4 Nxe5 20. Qxe5 Qd7 21. Ke2
Rf5 22. Qc7 Qxc7 23. Bxc7 c5 24. Be5 cxd4 25. exd4 Raf8 26. Rbf1 Rxf1 27. Rxf1
Rxf1 28. Kxf1 g6 29. Ke2 Kf7 30. Kd3 Ke8 31. Ke4 Kd7 32. d5 Bb4 33. Bg3 b6 34.
b3 Bc5 35. Be1 Bd6 36. b4 Bf8 37. a4 Bd6 38. Kd4 Bh2 39. c5 Bg1+ 40. Kc4 bxc5
41. bxc5 exd5+ 42. Kxd5 Bh2 43. c6+ Kc7 44. Bc3 Kc8 45. Be5 Bg1 46. Bg3 1-0

[Event "Titled Tue 10th Jun Late"]
[Site "chess.com INT"]
[Date "2025.06.10"]
[Round "2"]
[White "Mishra, Abhimanyu"]
[Black "Navoyan, Gagik"]
[Result "1-0"]
[WhiteTitle "GM"]
[BlackTitle "CM"]
[WhiteElo "2611"]
[BlackElo "2186"]
[WhiteFideId "30920019"]
[BlackFideId "13314866"]
[EventDate "2025.06.10"]

1. e4 e5 2. Nf3 Nc6 3. Bc4 Nf6 4. d3 Bc5 5. c3 d6 6. O-O h6 7. Re1 a6 8. a4 Ba7
9. Nbd2 Qe7 10. Nf1 Be6 11. Bxe6 fxe6 12. b4 O-O 13. Be3 Bxe3 14. Rxe3 Qf7 15.
h3 Ne7 16. N1h2 Ng6 17. g3 Rae8 18. Qb3 Kh7 19. Kg2 Nh5 20. b5 a5 21. d4 Ngf4+
22. gxf4 Nxf4+ 23. Kh1 Qh5 24. Rg1 Nxh3 25. Rg2 Nf4 26. Rg3 g5 27. Qd1 g4 28.
Rxg4 Rg8 29. Ng1 Nh3 30. Rxh3 1-0

[Event "Titled Tue 10th Jun Late"]
[Site "chess.com INT"]
[Date "2025.06.10"]
[Round "2"]
[White "Araujo Filho, Luiz Antonio Coel"]
[Black "Brodowski, Piotr"]
[Result "0-1"]
[BlackTitle "IM"]
[WhiteElo "2077"]
[BlackElo "2452"]
[WhiteFideId "2130661"]
[BlackFideId "1124480"]
[EventDate "2025.06.10"]

1. d4 Nf6 2. Nf3 e6 3. e3 a6 4. Bd3 b5 5. Nbd2 Bb7 6. Qe2 c5 7. c3 Nc6 8. a3 Qc7
9. e4 Be7 10. e5 Nd5 11. Ne4 c4 12. Bc2 f5 13. exf6 gxf6 14. O-O O-O-O 15. a4
Rdg8 16. axb5 axb5 17. Bd2 f5 18. Nc5 Bxc5 19. dxc5 Nf4 20. Bxf4 Qxf4 21. Qe3
Nd4 22. cxd4 Rxg2+ 23. Kxg2 Rg8+ 0-1

[Event "Titled Tue 10th Jun Late"]
[Site "chess.com INT"]
[Date "2025.06.10"]
[Round "2"]
[White "Garcia, Erick"]
[Black "Md Abu Hanif"]
[Result "0-1"]
[BlackTitle "CM"]
[WhiteElo "2135"]
[BlackElo "2100"]
[WhiteFideId "2058880"]
[BlackFideId "10200835"]
[EventDate "2025.06.10"]

1. d4 d5 2. c4 c6 3. Nf3 Bg4 4. e3 e6 5. Qb3 Qb6 6. Ne5 Bf5 7. Qxb6 axb6 8. Nc3
Nf6 9. f3 Bd6 10. cxd5 exd5 11. Be2 Bxe5 12. dxe5 Nfd7 13. f4 Nc5 14. O-O Nb3
15. axb3 Rxa1 16. Bd2 Rxf1+ 17. Bxf1 b5 18. Ne2 O-O 19. Nd4 Bc8 20. b4 Na6 21.
Kf2 g6 22. h3 Nc7 23. Be2 Ne6 24. Bc3 Nxd4 25. Bxd4 Bf5 26. g4 Be4 27. h4 Ra8
28. h5 Ra4 29. Bc3 Ra1 30. hxg6 hxg6 31. Kg3 Rg1+ 32. Kf2 Rg2+ 33. Kf1 Rh2 34.
Bd4 Kf8 35. Bc3 Ke8 36. Bd4 Kd7 37. Ke1 Rh1+ 38. Kf2 Rc1 39. Kg3 Rc2 40. Bf1 Kc7
41. Bh3 b6 42. f5 gxf5 43. gxf5 c5 44. bxc5 bxc5 45. Bc3 b4 46. Be1 Rxb2 47. e6
fxe6 48. fxe6 Kd6 49. Kh4 Ke7 50. Bg3 Rb1 51. Bf4 Rg1 52. Bg5+ Rxg5 53. Kxg5 b3 0-1

[Event "Titled Tue 10th Jun Late"]
[Site "chess.com INT"]
[Date "2025.06.10"]
[Round "2"]
[White "Smirnov, Alexandr A."]
[Black "Aradhya, Garg"]
[Result "0-1"]
[WhiteTitle "FM"]
[BlackTitle "IM"]
[WhiteElo "2136"]
[BlackElo "2370"]
[WhiteFideId "24104396"]
[BlackFideId "25006746"]
[EventDate "2025.06.10"]

1. e4 c6 2. d4 d5 3. exd5 cxd5 4. Bd3 Nf6 5. h3 Nc6 6. c3 e5 7. dxe5 Nxe5 8. Bc2
Bc5 9. Nf3 Nxf3+ 10. Qxf3 Qe7+ 11. Be3 Bxe3 12. Qxe3 Qxe3+ 13. fxe3 Bd7 14. Nd2
O-O-O 15. O-O-O Rhe8 16. Rhe1 Re7 17. e4 Rde8 18. Bb3 h5 19. Rf1 dxe4 20. Nc4
Kc7 21. Nd6 Rf8 22. Rf4 e3 23. Nc4 Bc6 24. g4 hxg4 25. hxg4 Rd8 26. Rxd8 Kxd8
27. g5 e2 0-1

[Event "Titled Tue 10th Jun Late"]
[Site "chess.com INT"]
[Date "2025.06.10"]
[Round "2"]
[White "Kodihalli, Kaustubh"]
[Black "Petrus, Adrian"]
[Result "1-0"]
[BlackTitle "CM"]
[WhiteElo "2038"]
[BlackElo "2203"]
[WhiteFideId "30956455"]
[BlackFideId "14573652"]
[EventDate "2025.06.10"]

1. e4 e5 2. Nf3 Nc6 3. Bc4 Nf6 4. d3 Be7 5. O-O O-O 6. a4 d6 7. c3 Na5 8. Ba2 c5
9. Re1 Be6 10. Bxe6 fxe6 11. Nbd2 a6 12. Nf1 Nc6 13. Qb3 Qd7 14. Ng3 h6 15. h3
Kh8 16. Nh4 Kh7 17. Nf3 Na5 18. Qc2 Rf7 19. Be3 Raf8 20. Kh2 Nc6 21. Rad1 Ne8
22. d4 exd4 23. cxd4 cxd4 24. Nxd4 Bh4 25. e5+ Kg8 26. exd6 Nxd6 27. Nxc6 Bxg3+
28. fxg3 bxc6 29. Bc5 1-0

[Event "Titled Tue 10th Jun Late"]
[Site "chess.com INT"]
[Date "2025.06.10"]
[Round "2"]
[White "Martin Fuentes, Alberto"]
[Black "Blackburn, Jonathan L B"]
[Result "1-0"]
[WhiteTitle "FM"]
[BlackTitle "FM"]
[WhiteElo "2376"]
[BlackElo "2207"]
[WhiteFideId "2292289"]
[BlackFideId "1801090"]
[EventDate "2025.06.10"]

1. e4 e6 2. d4 d5 3. Nc3 Nf6 4. Bg5 dxe4 5. Nxe4 Be7 6. Bxf6 gxf6 7. Nf3 f5 8.
Nc3 a6 9. d5 Bf6 10. dxe6 Bxc3+ 11. bxc3 Qxd1+ 12. Rxd1 Bxe6 13. a3 Nd7 14. Nd4
O-O-O 15. Bd3 f4 16. O-O h5 17. Rfe1 Nc5 18. Kf1 Kb8 19. f3 Bd5 20. Ne2 Ne6 21.
Kf2 Rh6 22. Bf5 Rf6 23. Bxe6 fxe6 24. c4 1-0

[Event "Titled Tue 10th Jun Late"]
[Site "chess.com INT"]
[Date "2025.06.10"]
[Round "2"]
[White "Shafer, Logan C"]
[Black "Unver, Cumayi"]
[Result "1-0"]
[WhiteTitle "CM"]
[WhiteElo "2217"]
[BlackElo "2012"]
[WhiteFideId "30993342"]
[BlackFideId "6304940"]
[EventDate "2025.06.10"]

1. e4 c6 2. Nf3 d5 3. d3 Bg4 4. h3 Bxf3 5. Qxf3 e6 6. Nc3 Nd7 7. Be2 Bd6 8. O-O
Ne7 9. g3 O-O 10. Qg2 f5 11. f4 Bc5+ 12. Kh2 a6 13. e5 b5 14. Nd1 a5 15. c3 a4
16. d4 Bb6 17. Be3 Rb8 18. Nf2 Ba7 19. Nd3 c5 20. g4 cxd4 21. cxd4 Rc8 22. Rac1
Qa5 23. g5 Nc6 24. Qf2 Nb6 25. b3 axb3 26. axb3 Nb4 27. Nc5 Na2 28. Ra1 Qa3 29.
Bc1 Qa5 30. b4 Qa4 31. Nxa4 1-0

[Event "Titled Tue 10th Jun Late"]
[Site "chess.com INT"]
[Date "2025.06.10"]
[Round "2"]
[White "Vokhidov, Shamsiddin"]
[Black "Sethuraman, Roshan"]
[Result "1-0"]
[WhiteTitle "GM"]
[WhiteElo "2644"]
[BlackElo "2074"]
[WhiteFideId "14204223"]
[BlackFideId "30965250"]
[EventDate "2025.06.10"]

1. e4 c5 2. Nf3 d6 3. Bb5+ Nd7 4. a4 a6 5. Be2 Ngf6 6. Nc3 g6 7. d4 cxd4 8. Nxd4
Bg7 9. Be3 O-O 10. O-O Qc7 11. a5 e6 12. Qd2 Rd8 13. Rfd1 Ne5 14. Nb3 Qe7 15.
Bb6 Rd7 16. f4 Nc6 17. Qe3 h6 18. Bf3 Kh7 19. h3 e5 20. Nd5 Nxd5 21. exd5 exf4
22. Qxf4 Ne5 23. Be2 Qg5 24. Qxg5 hxg5 25. c4 f5 26. c5 Rf7 27. cxd6 Bd7 28. Nc5
f4 29. Ne6 Bf6 30. Bd4 Kh6 31. Bg4 Rc8 32. Rac1 Rxc1 33. Rxc1 Nxg4 34. hxg4 Bxe6
35. Bxf6 Bxd5 36. Be5 Bc6 37. Kf2 Bxg2 1-0

[Event "Titled Tue 10th Jun Late"]
[Site "chess.com INT"]
[Date "2025.06.10"]
[Round "2"]
[White "Pajcin, Lav"]
[Black "Moskalenko, Alexander"]
[Result "0-1"]
[WhiteTitle "FM"]
[BlackTitle "GM"]
[WhiteElo "2281"]
[BlackElo "2422"]
[WhiteFideId "966746"]
[BlackFideId "4155351"]
[EventDate "2025.06.10"]

1. d4 Nf6 2. c4 e6 3. Nc3 Bb4 4. Qc2 O-O 5. a3 Bxc3+ 6. Qxc3 d6 7. Bg5 h6 8. Bh4
b6 9. Nf3 Bb7 10. e3 Nbd7 11. Bd3 c5 12. O-O-O Rc8 13. Kb1 cxd4 14. Qxd4 e5 15.
Qxd6 e4 16. Ne5 Nxe5 17. Qxe5 exd3 18. Bxf6 Qxf6 19. Qxf6 gxf6 20. b3 Be4 21. f3
Bg6 22. e4 f5 23. exf5 Bxf5 24. g4 Bh7 25. Kb2 Rfe8 26. Rhe1 Kg7 27. Kc3 Kf6 28.
b4 Kg5 29. Rxe8 Rxe8 30. c5 bxc5 31. bxc5 Kf4 32. Kc4 Re2 33. c6 Rc2+ 34. Kd5
Kxf3 35. Kd6 Ke2 36. Rg1 d2 37. c7 d1=Q+ 0-1

[Event "Titled Tue 10th Jun Late"]
[Site "chess.com INT"]
[Date "2025.06.10"]
[Round "2"]
[White "Kunin, Vitaly"]
[Black "Thiel, Thomas"]
[Result "1-0"]
[WhiteTitle "GM"]
[BlackTitle "FM"]
[WhiteElo "2500"]
[BlackElo "2170"]
[WhiteFideId "4128737"]
[BlackFideId "4615964"]
[EventDate "2025.06.10"]

1. Nf3 Nf6 2. d4 d5 3. c4 c6 4. e3 g6 5. Nc3 Bg7 6. Be2 O-O 7. O-O Re8 8. b3 Ne4
9. Bb2 Nxc3 10. Bxc3 dxc4 11. Bxc4 e6 12. e4 Nd7 13. e5 Nb6 14. h4 Nxc4 15. bxc4
b5 16. c5 a5 17. Re1 b4 18. Bd2 Ba6 19. Be3 h6 20. Qd2 Kh7 21. h5 g5 22. Bxg5
hxg5 23. Nxg5+ Kg8 24. Ne4 Qd5 25. Qf4 Rad8 26. Nf6+ Kh8 27. Nxd5 1-0

[Event "Titled Tue 10th Jun Late"]
[Site "chess.com INT"]
[Date "2025.06.10"]
[Round "2"]
[White "Zierk, Steven"]
[Black "Hoeffer, David"]
[Result "1-0"]
[WhiteTitle "GM"]
[BlackTitle "FM"]
[WhiteElo "2489"]
[BlackElo "2295"]
[WhiteFideId "2034255"]
[BlackFideId "24606766"]
[EventDate "2025.06.10"]

1. e4 Nc6 2. Nf3 f5 3. e5 d6 4. Bb5 dxe5 5. Nxe5 Qd5 6. Bxc6+ bxc6 7. Nf3 e5 8.
O-O Nf6 9. Nc3 Qe6 10. Nxe5 Qxe5 11. Re1 Ne4 12. d3 Bd6 13. g3 O-O 14. dxe4 f4
15. Qd3 f3 16. Be3 Qh5 17. Bd4 c5 18. Be3 Bh3 19. Qd5+ Qxd5 20. Nxd5 c4 21. Rad1
a5 22. Bf4 Rab8 23. Bxd6 cxd6 24. b3 cxb3 25. axb3 Rb7 26. Ne3 Rc8 27. Rxd6 a4
28. bxa4 Rb4 29. Nd5 1-0

[Event "Titled Tue 10th Jun Late"]
[Site "chess.com INT"]
[Date "2025.06.10"]
[Round "2"]
[White "Arakelyan, Manvel"]
[Black "Quinones Garcia, Santiago"]
[Result "1-0"]
[WhiteTitle "FM"]
[BlackTitle "FM"]
[WhiteElo "2326"]
[BlackElo "2259"]
[WhiteFideId "13317415"]
[BlackFideId "4408497"]
[EventDate "2025.06.10"]

1. e4 e6 2. d4 d5 3. Nd2 Nf6 4. e5 Nfd7 5. Bd3 c5 6. c3 Nc6 7. Ne2 cxd4 8. cxd4
f6 9. exf6 Nxf6 10. Nf3 Bd6 11. O-O Qc7 12. Bg5 O-O 13. Rc1 Bd7 14. Bh4 Be8 15.
Bg3 Bh5 16. Ne5 Rac8 17. Qd2 Qe7 18. Nf4 Be8 19. Rfe1 Bd7 20. Nfg6 hxg6 21. Nxg6
Qf7 22. Bxd6 Rfe8 23. Qg5 Ne4 24. Qh5 Qxf2+ 25. Kh1 Kf7 26. Rf1 Nxd4 27. Rxf2+
Nxf2+ 28. Kg1 Rxc1+ 29. Kxf2 Rec8 30. Ne5+ Kg8 31. Bh7+ 1-0

[Event "Titled Tue 10th Jun Late"]
[Site "chess.com INT"]
[Date "2025.06.10"]
[Round "2"]
[White "Zou, Chen"]
[Black "Chen, Yidong"]
[Result "1-0"]
[WhiteTitle "IM"]
[WhiteElo "2443"]
[BlackElo "2074"]
[WhiteFideId "8610959"]
[BlackFideId "8607028"]
[EventDate "2025.06.10"]

1. e3 c5 2. d4 Nf6 3. Nf3 cxd4 4. exd4 d5 5. Bd3 Nc6 6. c3 Bg4 7. h3 Bh5 8. Bf4
e6 9. Nbd2 Bd6 10. Bxd6 Qxd6 11. Qe2 Bg6 12. O-O O-O 13. Rfe1 a6 14. a4 Rfe8 15.
Ne5 Bxd3 16. Qxd3 Nd7 17. Nxd7 Qxd7 18. Re2 Rab8 19. Nf3 h6 20. a5 Qc7 21. b4
Rbc8 22. Rae1 Ne7 23. Rc2 Nf5 24. Nd2 Nd6 25. Nb3 Ne4 26. Nc5 Nxc5 27. dxc5 Rcd8
28. Rce2 e5 29. Rd1 d4 30. cxd4 Rxd4 31. Qxd4 exd4 32. Rxe8+ Kh7 33. Re4 Qc6 34.
Rexd4 Qb5 35. Rf4 Kg6 36. Rd6+ f6 37. Rb6 Qe2 38. g3 Qe7 39. h4 Qd7 40. Kh2 h5
41. c6 bxc6 42. Rxa6 Qd5 43. Rb6 c5 44. a6 cxb4 45. Rbxb4 Kh6 46. Ra4 Qa8 47. a7 1-0

[Event "Titled Tue 10th Jun Late"]
[Site "chess.com INT"]
[Date "2025.06.10"]
[Round "2"]
[White "Stefansson, Vignir Vatnar"]
[Black "Stankovic, Boris"]
[Result "1-0"]
[WhiteTitle "GM"]
[BlackTitle "FM"]
[WhiteElo "2515"]
[BlackElo "2298"]
[WhiteFideId "2308649"]
[BlackFideId "985317"]
[EventDate "2025.06.10"]

1. e4 c5 2. Nf3 d6 3. d4 cxd4 4. Nxd4 Nf6 5. Nc3 g6 6. Be3 Nc6 7. f3 h5 8. Qd2
Nxd4 9. Bxd4 Bh6 10. Be3 Bxe3 11. Qxe3 Be6 12. O-O-O Qa5 13. Kb1 Rc8 14. a3 Kf8
15. Be2 a6 16. Rd4 b5 17. Rhd1 Nd7 18. f4 Nb6 19. f5 gxf5 20. exf5 Bc4 21. f6
Be6 22. fxe7+ Kxe7 23. Rxd6 Rxc3 24. Qg5+ f6 25. Qg7+ Bf7 26. Qxf6+ 1-0

[Event "Titled Tue 10th Jun Late"]
[Site "chess.com INT"]
[Date "2025.06.10"]
[Round "2"]
[White "Dauer, Andre Leonardo"]
[Black "Deveci, Huseyin Said"]
[Result "0-1"]
[WhiteTitle "CM"]
[BlackTitle "CM"]
[WhiteElo "2138"]
[BlackElo "2212"]
[WhiteFideId "2126915"]
[BlackFideId "26322455"]
[EventDate "2025.06.10"]

1. e4 e5 2. Nf3 Nc6 3. d4 exd4 4. Bc4 Nf6 5. e5 d5 6. Bb5 Ne4 7. Nxd4 Bd7 8.
Bxc6 bxc6 9. O-O Bc5 10. Be3 O-O 11. f3 Ng5 12. f4 Ne4 13. Nd2 Nxd2 14. Qxd2 Re8
15. c3 f6 16. Nf3 Bxe3+ 17. Qxe3 Bg4 18. Rae1 Bxf3 19. Rxf3 fxe5 20. fxe5 Re6
21. Qc5 Qe7 22. Qd4 Rd8 23. Rfe3 c5 24. Qa4 d4 25. cxd4 cxd4 26. Re4 d3 27. Qd1
Qc5+ 28. Kh1 d2 29. Rf1 Rxe5 30. Rxe5 Qxe5 31. h3 h6 32. Qb3+ Kh8 33. Rd1 Qe1+
34. Kh2 Rf8 35. Qc2 Rf1 0-1

[Event "Titled Tue 10th Jun Late"]
[Site "chess.com INT"]
[Date "2025.06.10"]
[Round "2"]
[White "Deng, Henry"]
[Black "Gasparyan, Erik R."]
[Result "0-1"]
[WhiteTitle "FM"]
[BlackTitle "IM"]
[WhiteElo "2327"]
[BlackElo "2372"]
[WhiteFideId "30965454"]
[BlackFideId "13315730"]
[EventDate "2025.06.10"]

1. e4 c6 2. d4 d5 3. Nd2 dxe4 4. Nxe4 Nf6 5. Nxf6+ exf6 6. c3 Bd6 7. Bd3 O-O 8.
Qc2 Re8+ 9. Ne2 h5 10. O-O h4 11. h3 Nd7 12. Bd2 Nf8 13. Rae1 Qc7 14. f4 Bd7 15.
f5 Re7 16. c4 c5 17. d5 Rae8 18. Qd1 Nh7 19. Nc3 Be5 20. Qh5 Bd4+ 21. Kh1 Rxe1
22. Rxe1 Rxe1+ 23. Bxe1 Qf4 24. Qxh4 Qe3 25. Ne2 Qxd3 26. Nxd4 cxd4 27. Bf2 Qf1+
28. Kh2 d3 29. Qd4 Qe2 30. c5 d2 31. c6 bxc6 32. dxc6 d1=Q 33. cxd7 Qxd4 34.
Bxd4 Qe7 0-1

[Event "Titled Tue 10th Jun Late"]
[Site "chess.com INT"]
[Date "2025.06.10"]
[Round "2"]
[White "Moussard, Jules"]
[Black "Annaberdiyev, Meylis"]
[Result "1-0"]
[WhiteTitle "GM"]
[BlackTitle "GM"]
[WhiteElo "2597"]
[BlackElo "2436"]
[WhiteFideId "642908"]
[BlackFideId "14000563"]
[EventDate "2025.06.10"]

1. f4 d5 2. Nf3 c6 3. g3 g6 4. Bg2 Qb6 5. e3 Bg7 6. Nc3 Bg4 7. O-O Nd7 8. a4 a5
9. h3 Bxf3 10. Qxf3 Ngf6 11. d3 O-O 12. Kh1 e5 13. e4 dxe4 14. dxe4 exf4 15.
gxf4 Nh5 16. e5 Rae8 17. Ne4 Nxe5 18. fxe5 Bxe5 19. Bh6 f5 20. Bxf8 Rxf8 21.
Rad1 Qb4 22. Rd7 Qxe4 23. Qb3+ 1-0

[Event "Titled Tue 10th Jun Late"]
[Site "chess.com INT"]
[Date "2025.06.10"]
[Round "2"]
[White "Makridis, Dimitrios"]
[Black "Nepomniachtchi, Ian"]
[Result "0-1"]
[WhiteTitle "FM"]
[BlackTitle "GM"]
[WhiteElo "2283"]
[BlackElo "2757"]
[WhiteFideId "25864475"]
[BlackFideId "4168119"]
[EventDate "2025.06.10"]

1. e4 e6 2. d4 d5 3. Nc3 Bb4 4. e5 c5 5. a3 Bxc3+ 6. bxc3 Ne7 7. h4 Qc7 8. h5 h6
9. Bd2 b6 10. a4 Ba6 11. Bb5+ Bxb5 12. axb5 O-O 13. Qg4 Kh7 14. Nf3 cxd4 15.
Qxd4 Nd7 16. O-O Nc5 17. Ra3 Ne4 18. Rfa1 Nf5 19. Qd3 Kg8 20. Be1 Rfc8 21. Nd4
Qxe5 22. Nc6 Qf4 23. Qf3 Qxf3 24. gxf3 Ned6 25. Nxa7 Rc5 26. Bd2 Nc4 27. Ra6
Nxd2 28. Rxb6 Rxc3 29. Rba6 Rxc2 30. Nc6 Rxa6 31. bxa6 Rxc6 32. a7 Rc8 33. a8=Q
Rxa8 34. Rxa8+ Kh7 35. Kg2 Nb3 36. Ra7 f6 37. Ra6 Nc5 0-1

[Event "Titled Tue 10th Jun Late"]
[Site "chess.com INT"]
[Date "2025.06.10"]
[Round "2"]
[White "Shankland, Sam"]
[Black "Lyakh, Vasiliy"]
[Result "1-0"]
[WhiteTitle "GM"]
[WhiteElo "2666"]
[BlackElo "2123"]
[WhiteFideId "2004887"]
[BlackFideId "14189828"]
[EventDate "2025.06.10"]

1. d4 Nf6 2. c4 e6 3. Nf3 d5 4. Nc3 dxc4 5. e3 a6 6. Bxc4 b5 7. Bb3 Bb7 8. O-O
Be7 9. Qe2 c5 10. dxc5 Nbd7 11. e4 Nxc5 12. Rd1 Qc7 13. e5 Nfe4 14. Bc2 Nxc3 15.
bxc3 O-O 16. Ng5 h6 17. Bh7+ Kh8 18. Bb1 Rad8 19. Rd4 Rd5 20. Qc2 g6 21. Nxf7+
Rxf7 22. Qxg6 Bf8 23. Bxh6 Qxe5 24. Be3 Rg7 25. Qe8 Qf6 26. Rxd5 Bxd5 27. Bd4
Qg6 28. Qxg6 1-0

[Event "Titled Tue 10th Jun Late"]
[Site "chess.com INT"]
[Date "2025.06.10"]
[Round "2"]
[White "Cigan, Jason"]
[Black "Martinez Ramirez, Lennis"]
[Result "1-0"]
[BlackTitle "IM"]
[WhiteElo "2123"]
[BlackElo "2442"]
[WhiteFideId "2064022"]
[BlackFideId "3509079"]
[EventDate "2025.06.10"]

1. e4 c6 2. d4 d5 3. e5 Bf5 4. h4 h6 5. g4 Bd7 6. h5 c5 7. c3 Nc6 8. Na3 e6 9.
Nc2 Qb6 10. f4 O-O-O 11. Nf3 Kb8 12. Kf2 Rc8 13. b3 cxd4 14. Nfxd4 Nxd4 15. cxd4
Rxc2+ 16. Qxc2 Qxd4+ 17. Be3 Qxa1 18. Bg2 Qxh1 19. Bxh1 Bc6 20. Bd4 Ne7 21. f5
Nc8 22. fxe6 fxe6 23. Qg6 Bd7 24. Qf7 Kc7 25. Bxd5 exd5 26. e6 Be7 27. Bxg7 Be8
28. Qf4+ Bd6 29. Qc1+ Kd8 30. Bxh8 1-0